Central Library OPAC University of Rajshahi
Normal view MARC view

Entry Personal Name

Number of records used in: 2

001 - CONTROL NUMBER

  • control field: 13843

003 - CONTROL NUMBER IDENTIFIER

  • control field: BD-RjUL

005 - DATE AND TIME OF LATEST TRANSACTION

  • control field: 20241020113036.0

008 - FIXED-LENGTH DATA ELEMENTS

  • fixed length control field: 241020|| aca||aabn | a|a d

040 ## - CATALOGING SOURCE

  • Original cataloging agency: BD-RjUL
  • Transcribing agency: BD-RjUL

100 ## - HEADING--PERSONAL NAME

  • Personal name: Ali, Md. Azgor

670 ## - SOURCE DATA FOUND

  • Source citation: Work cat.: (BD-RjUL)84128: Ali, Md. Azgor, Prevalence of Nephropathy in Type 2 ARBs Orace Inhibitors on its Progression /, 2019